000 01098nam0a22002891 4500
001 RU\NLR\INFOCOMM_161\5000059289
005 20260407022652.0
035 _a(NLR Aleph) 009160839
090 _a8452918
_c8452918
100 _a20100203d1978 |||y0rusy50 ca
101 0 _aeng
102 _aRU
105 _aa ||||000|y
200 1 _aBriefings on USSR sea commercial ports
_fMin. of merchant marine of the U.S.S.R.
_g[Пер.-сост. В. А. Жернов]
210 _aΜ.
_cTransport
_d1978
215 _a159 с.
_cил.
_d20 см
300 _aНа доп. тит. л. на рус. яз. загл.: Краткие сведения о морских торговых портах СССР
606 _aМорские порты
_yСССР
_2nlr_sh1
686 _aУ37(2)461.03
_2rubbk
702 1 _9z03790
_aŽernov
_bV. A.
_4220
712 0 1 _4570
_8eng
_aUSSR
_bMinistry of merchant marine
_7ba
_3RU\NLR\AUTH\8810007919
_9513542
790 1 _9z03702
_aЖернов
_bВ. А.
_4220
801 1 _aRU
_bNLR
_c20100203
801 0 _aRU
_bNLR
_gPSBO
852 _aNLR
_jЭк61 Д-3/22
942 _cBOOK
980 _aNB